000
00248nam a2200109Ia 4500
008
190907s9999||||xx |||||||||||||| ||und||
100
_a
Bernard Grob
245
0
_a
Basic Electronics
260
_a
India
_b
Pearson
_c
2000
300
_a
1010
942
_c
BK
999
_c
6322
_d
6322